Statistics for Top 100 Biggest Cities in Indonesia

Click here to take the quiz!

General Stats

  • This quiz has been taken 51 times
  • The average score is 37 of 100

Answer Stats

# City Population % Correct
26Denpasar632,016
92%
2Surabaya2,805,906
89%
5Bandung2,339,463
87%
3Medan2,465,469
79%
8Makassar1,651,146
76%
4Bekasi2,381,053
74%
18Bogor982,469
74%
13Palembang1,548,064
71%
36Yogyakarta407,617
71%
11Semarang1,621,384
66%
19Padang872,271
63%
21Malang808,945
61%
12Tangerang1,566,064
58%
24Pontianak651,139
58%
10Depok1,631,951
58%
30Surakarta552,118
55%
29Balikpapan597,625
55%
28Jambi602,187
55%
52Banda Aceh235,305
53%
17Batam1,029,808
53%
22Samarinda752,845
53%
33Kupang433,970
50%
66Gorontalo191,897
50%
27Serang613,356
50%
15Bandar Lampung1,166,761
50%
20Pekanbaru855,221
50%
67Banjar188,486
47%
58Ternate213,274
47%
40Palu359,350
47%
39Bengkulu360,495
47%
38Ambon372,249
47%
6West Jakarta2,234,397
47%
1East Jakarta2,852,887
47%
32Manado461,636
47%
43Cirebon316,126
47%
14South Tangerang1,219,245
47%
7South Jakarta2,113,411
45%
35Mataram408,900
45%
9North Jakarta1,647,146
45%
23Tasikmalaya678,027
45%
87Bukittinggi113,326
42%
51Palangka Raya249,429
42%
25Banjarmasin635,688
42%
34Jayapur413,283
42%
48Sorong272,349
39%
50Dumai264,084
37%
41Kendari331,013
37%
85Magelang124,912
37%
16Central Jakarta1,114,581
34%
45Kediri280,780
34%
47Tegal275,789
34%
37Cilegon387,543
34%
64Tarakan198,133
34%
54Probolinggo225,655
34%
44Pekalongan298,386
34%
62Pangkal Pinang202,959
32%
68Lhokseumawe188,221
32%
42Sukabumi320,970
32%
76Metro161,799
32%
81Bima136,492
32%
49Binjai269,053
32%
46Pematangsiantar278,055
32%
65Batu196,456
29%
72Salatiga175,288
29%
53Singkawang230,216
29%
61Tanjung Pinang203,008
29%
57Banjarbaru216,600
29%
31Cimahi513,176
26%
60Pasuruan204,275
24%
74Tebing Tinggi169,786
24%
63Madiun201,906
21%
91Sibolga94,971
21%
56Bitung218,520
21%
77Bontang161,356
21%
79Blitar144,659
18%
88Tidore103,171
18%
73Parepare175,040
18%
83Mojokerto133,274
16%
78Baubau152,143
16%
71Langsa178,334
16%
95Solok63,672
13%
98Sabang38,077
13%
89Sungai Penuh101,325
13%
97Padang Panjang50,317
13%
70Palopo180,130
13%
55Padangsidempuan225,544
13%
69Prabumulih188,082
11%
96Sawahlunto61,427
11%
99Majene37,715
8%
84Payakumbuh125,608
8%
59Lubuklinggau208,225
8%
80Gunungsitoli137,104
8%
92Pariaman85,485
8%
93Tual82,955
8%
82Pagar Alam136,244
8%
75Tanjungbalai165,763
8%
90Tomohon96,411
5%
94Subulussalam78,801
5%
86Kotamobagu120,597
5%
100Jekulo37,521
0%

Score Distribution

Percentile by Number Answered

Percent of People with Each Score

Your Score History

You have not taken this quiz